000
00280nam a22001217a 4500
008
181012b xxu||||| |||| 00| 0 eng d
041
_a
eng
080
_2
9th
_a
612.39
100
_a
10
101
_a
NUT
245
_a
Nutrition and Physical Fitness
_c
Bogert,L.L
942
_2
udc
_c
BK
999
_c
49533
_d
49533